| 000 | 00544nam a2200193Ia 4500 | ||
|---|---|---|---|
| 003 | OSt | ||
| 005 | 20250527100655.0 | ||
| 008 | 210210b1982 xxu||||| |||| 00| 0 eng d | ||
| 040 | _cAL | ||
| 041 | _aKannada | ||
| 082 | _aK894.1 DUNN | ||
| 100 |
_aDUNDIRAJ (H) _9139287 _dಡುಂಡಿರಾಜ್ (ಹೆಚ್) |
||
| 245 |
_aNamma godeya hadu. _bನಮ್ಮ ಗೋಡೆಯ ಹಾಡು |
||
| 260 |
_aMangalore _bSphatika Prakashana _c1982 |
||
| 300 | _aiv,40 | ||
| 690 |
_aKannada Poetry _9139288 |
||
| 906 | _a035978 | ||
| 942 |
_2ddc _cBK |
||
| 999 |
_c86280 _d86280 |
||